000 00585nam a2200121Ia 4500
008 171212s9999 xx 000 0 und d
020 _a9780833059147
100 _aDavis, Lois M.;Williams, Malcolm V.;Derose, Kathryn Pitkin;Steinberg, Paul;Nicosia, Nancy
245 _cDavis, Lois M.;Williams, Malcolm V.;Derose, Kathryn Pitkin;Steinberg, Paul;Nicosia, Nancy
_aUnderstanding the Public Health Implications of Prisoner Reentry in California
_bState-of-the-State Report
260 _bRAND Corporation
_c2011
650 _aHealth Sciences
856 _uwww.jstor.org/stable/10.7249/mg1165tce
999 _c352782
_d352782